| Tag |
First Indicator |
Second Indicator |
Subfields |
| LEADER |
00000cam a2200000 a 4500 |
| 001 |
in00000008274 |
| 005 |
20151002080032.0 |
| 008 |
870213s1987 gau b s00000 eng |
| 010 |
|
|
|a 87001042
|
| 020 |
|
|
|a 0820309524 (alk. paper)
|
| 020 |
|
|
|a 0820309532 (pbk. : alk. paper)
|
| 035 |
|
|
|a (OCoLC)15252974
|
| 035 |
|
|
|9 AAA0652AM
|
| 040 |
|
|
|a DLC
|c DLC
|d TXA
|d UtOrBLW
|
| 043 |
|
|
|a n-us---
|
| 050 |
0 |
0 |
|a PS153.M56
|b G54 1987
|
| 082 |
0 |
|
|a 811/.5/09920693
|2 19
|
| 245 |
0 |
2 |
|a A Gift of tongues :
|b critical challenges in contemporary American poetry /
|c edited by Marie Harris and Kathleen Aguero.
|
| 264 |
|
1 |
|a Athens :
|b University of Georgia Press,
|c [1987]
|
| 264 |
|
4 |
|c ©1987
|
| 300 |
|
|
|a xii, 342 pages ;
|c 24 cm.
|
| 336 |
|
|
|a text
|b txt
|2 rdacontent
|
| 337 |
|
|
|a unmediated
|b n
|2 rdamedia
|
| 338 |
|
|
|a volume
|b nc
|2 rdacarrier
|
| 504 |
|
|
|a Bibliography: pages 331-338.
|
| 650 |
|
0 |
|a American poetry
|x Minority authors
|x History and criticism.
|
| 650 |
|
0 |
|a American poetry
|y 20th century
|x History and criticism.
|
| 630 |
0 |
0 |
|a Canon (Literature)
|
| 700 |
1 |
|
|a Harris, Marie.
|
| 700 |
1 |
|
|a Aguero, Kathleen.
|
| 999 |
|
|
|a MARS
|
| 999 |
f |
f |
|s e556ac7a-8651-3604-9625-6c3e6303f0f0
|i 707108fd-7f19-3eba-8b11-918381375c0c
|t 0
|
| 952 |
f |
f |
|p ric
|a Texas A&M University
|b Rellis Campus
|c Joint Library Facility
|d Remote Storage
|t 0
|e PS153.M56 G54 1987
|h Library of Congress classification
|i unmediated -- volume
|m A14812614846
|
| 998 |
f |
f |
|a PS153.M56 G54 1987
|t 0
|l Remote Storage
|